=LDR 00000nam 2200000 4500 =001 INLIS000000000006686 =005 20130612094809 =008 ***********************************Ind** =035 ##$$0010-061300000006686 =041 ##$$a Ind =082 ##$$a 005.245 =090 ##$$a 005.245, Dih m =100 ##$$a Dihandari =245 ##$$a Membuat flow chart dengan IBM PC, Dihandari =260 ##$$a 1991 $b Jakarta =300 ##$$a vii, 56 hlm., 21 cm =650 ##$$a Komputer =850 ##$$a NBPNMAT